• AIU
  • Tony Wilmot Memorial Library

Demystifying virtual private networks / (Record no. 58722)

MARC details
000 -LEADER
fixed length control field 01154cam a22003254a 4500
001 - CONTROL NUMBER
control field 12110826
003 - CONTROL NUMBER IDENTIFIER
control field OSt
005 - DATE AND TIME OF LATEST TRANSACTION
control field 20140224111812.0
008 - FIXED-LENGTH DATA ELEMENTS--GENERAL INFORMATION
fixed length control field 000718s2001 txua 001 0 eng
010 ## - LIBRARY OF CONGRESS CONTROL NUMBER
LC control number 00060031
020 ## - INTERNATIONAL STANDARD BOOK NUMBER
International Standard Book Number 1556226721 (pbk.)
040 ## - CATALOGING SOURCE
Original cataloging agency DLC
Transcribing agency DLC
Modifying agency DLC
042 ## - AUTHENTICATION CODE
Authentication code pcc
050 00 - LIBRARY OF CONGRESS CALL NUMBER
Classification number TK5105.875.E87
Item number B79 2001
082 00 - DEWEY DECIMAL CLASSIFICATION NUMBER
Classification number 650/.0285/46
Edition number 21
100 1# - MAIN ENTRY--PERSONAL NAME
Personal name Busby, Michael.
9 (RLIN) 25533
245 10 - TITLE STATEMENT
Title Demystifying virtual private networks /
Statement of responsibility, etc Michael Busby.
246 14 - VARYING FORM OF TITLE
Title proper/short title Demystifying VPN
260 ## - PUBLICATION, DISTRIBUTION, ETC. (IMPRINT)
Place of publication, distribution, etc Plane, Tex. :
Name of publisher, distributor, etc Wordware Pub.,
Date of publication, distribution, etc c2001.
300 ## - PHYSICAL DESCRIPTION
Extent xi, 250 p. :
Other physical details ill. ;
Dimensions 24 cm.
500 ## - GENERAL NOTE
General note Includes index.
650 #0 - SUBJECT ADDED ENTRY--TOPICAL TERM
Topical term or geographic name as entry element Extranets (Computer networks)
9 (RLIN) 25534
650 #0 - SUBJECT ADDED ENTRY--TOPICAL TERM
Topical term or geographic name as entry element Business enterprises
General subdivision Computer networks.
9 (RLIN) 25535
650 #0 - SUBJECT ADDED ENTRY--TOPICAL TERM
Topical term or geographic name as entry element Internet.
9 (RLIN) 25536
650 #0 - SUBJECT ADDED ENTRY--TOPICAL TERM
Topical term or geographic name as entry element Computer networks
General subdivision Security measures.
9 (RLIN) 25537
650 #0 - SUBJECT ADDED ENTRY--TOPICAL TERM
Topical term or geographic name as entry element Computer network protocols.
9 (RLIN) 25538
906 ## - LOCAL DATA ELEMENT F, LDF (RLIN)
a 7
b cbc
c orignew
d 1
e ocip
f 20
g y-gencatlg
942 ## - ADDED ENTRY ELEMENTS (KOHA)
Source of classification or shelving scheme Library of Congress Classification
Koha item type Books
Holdings
Withdrawn status Lost status Source of classification or shelving scheme Damaged status Not for loan Collection code Home library Current library Shelving location Date acquired Source of acquisition Cost, normal purchase price Total Checkouts Full call number Barcode Date last seen Copy number Price effective from Koha item type
    Library of Congress Classification     General Circulation AIU/NEGST - Tony Wilmot Memorial Library AIU/NEGST - Tony Wilmot Memorial Library General Stacks 02/24/2014 donation 35.00   TK 5105.875.E87 B79 2001 R28609M3232 09/26/2019 1 02/24/2014 Books